K novej regulácii v poistnom sektore

Projekt Európskej únie Solventnosť II - jeho ciele. Testovanie projektu vo vzťahu k jeho použiteľnosti a finančného vplyvu na poisťovne a zaisťovne. Zistenie použiteľnosti a primeranosti výpočtu kapitálových požiadaviek, prípadnej kapitálovej nedostatočnosti a jej kvantifikácie. Výsledky testovania...

Ausführliche Beschreibung

Gespeichert in:
Bibliographische Detailangaben
1. Verfasser: Gondová, Andrea
Weitere Verfasser: Paluš, Peter
Format: Buchkapitel
Sprache:Slowakisch
Schlagworte:
Tags: Tag hinzufügen
Keine Tags, Fügen Sie das erste Tag hinzu!

MARC

LEADER 00000naa$a2200000$$$4500
001 0107227
005 20231107121804.4
041 0 |a slo 
044 |a SK 
245 1 0 |a K novej regulácii v poistnom sektore  |c Andrea Gondová, Peter Paluš 
520 |a Projekt Európskej únie Solventnosť II - jeho ciele. Testovanie projektu vo vzťahu k jeho použiteľnosti a finančného vplyvu na poisťovne a zaisťovne. Zistenie použiteľnosti a primeranosti výpočtu kapitálových požiadaviek, prípadnej kapitálovej nedostatočnosti a jej kvantifikácie. Výsledky testovania v slovenských poisťovniach. 
610 2 0 |a poisťovníctvo 
610 2 0 |a poisťovne 
610 2 0 |a zaisťovne 
610 2 0 |a kapitál 
610 2 0 |a aktíva 
610 2 0 |a rezervy technické 
610 2 0 |a záväzky 
610 2 0 |a solventnosť 
610 2 0 |a harmonizácia 
610 2 0 |a Európska únia 
610 2 0 |a Slovensko 
100 1 |a Gondová, Andrea 
700 1 |a Paluš, Peter